New Testament exegesis: a handbook for students and pastors

Uloženo v:
Podrobná bibliografie
Hlavní autor: Fee, Gordon D (Autor)
Médium: Kniha
Jazyk:angličtina
Vydáno: Filadelfia The Westminster Press 1983
Vydání:1a. ed
Témata:
Tagy: Přidat tag
Žádné tagy, Buďte první, kdo vytvoří štítek k tomuto záznamu!

MARC

LEADER 00000nam a2200000 a 4500
001 UCG6259
003 CL-VaPUC
008 110414e19830000us |||||||||||||||||eng|d
020 |a 0664244696 
082 0 4 |a 220.6  |b FEE  |2 21 
100 0 |a Fee, Gordon D  |e author  |9 556333 
245 1 0 |a New Testament exegesis: a handbook for students and pastors 
250 |a 1a. ed 
300 |a 154 p 
942 |c BK 
945 |d 20110414 00:00:00  |a dcastane 
260 |a Filadelfia  |b The Westminster Press  |c 1983 
650 0 |a Biblia  |9 257603 
650 0 |a Nuevo testamento  |9 257604 
650 0 |a Crítica e interpretación   |9 255042 
650 0 |a Exégesis   |9 365279 
583 |a last modification  |c 20171218 05:00:31  |k Rodrigo Vera 
999 |c 344533  |d 344531 
952 |0 0  |1 0  |4 0  |6 220_600000000000000_FEE_1983  |7 0  |8 A  |9 442556  |a BIBTEO  |b BIBTEO  |d 2019-11-22  |i 4764447  |o 220.6 FEE 1983  |p 4764447  |r 2025-01-17  |w 2019-11-22  |y BK  |k ICR